000 01535cam a2200349 i 4500
999 _c1507
_d1507
001 18253621
003 OSt
005 20230103130521.0
008 140804s2015 iluab j b 001 0 eng
010 _a 2014029725
020 _a9781484608357 (pb)
040 _aDLC
_beng
_cDLC
_erda
_dDLC
_dKH8
042 _apcc
043 _ae-gr---
082 0 0 _a938 NAR
_223
100 1 _aNardo, Don,
_d1947-
_eauthor
245 1 0 _aDaily life in ancient Greece /
_cDon Nardo.
246 3 0 _aAncient Greece
264 1 _aChicago, Illinois :
_bHeinemann Raintree,
_c[2015]
300 _a48 pages :
_billustrations, map ;
_c25 cm.
336 _atext
_2rdacontent
337 _aunmediated
_2rdamedia
338 _avolume
_2rdacarrier
490 0 _aDaily life in ancient civilizations
490 0 _aHeinemann infosearch
504 _aIncludes bibliographical references (page 47) and index.
505 0 _aHow did Greek culture become a model for the modern world? -- How did the invention of democracy affect Greek life? -- What was an ancient Greek home like? -- What was Greek family life like? -- What jobs were most common in Greece? -- How did the ancient Greeks worship their gods? -- What did the ancient Greeks do for fun? -- How do we remember ancient Greece today? -- A day in the life of an ancient Greek child.
651 0 _aGreece
_xSocial life and customs.
906 _a7
_bcbc
_corignew
_d1
_eecip
_f20
_gy-gencatlg
942 _2ddc
_cNFIC